| 000 | 00991cam a2200289 a 4500 | ||
|---|---|---|---|
| 020 | _a9780821369876 (pbk.) | ||
| 020 | _a0821369873 (pbk.) | ||
| 020 | _a0821369881 (electronic) | ||
| 020 | _a9780821369883 (electronic) | ||
| 040 | _cDLC | ||
| 082 | 0 | 0 | _a338 WOR 2007 A019 Or. |
| 245 | 0 | 0 | _aStrategic directions for human development in Papua New Guinea. |
| 260 |
_aWashington, D.C. : _bWorld Bank, _cc2007. |
||
| 300 |
_axviii, 253 p. : _bill. ; _c23 cm. |
||
| 490 | 1 | _aDirections in development. Human development | |
| 500 | _a"Asian Development Bank, Australian Agency for International Development, World Bank." | ||
| 650 | 0 | _aPublic investments | |
| 650 | 0 | _aPublic health | |
| 650 | 0 | _aHIV infections | |
| 650 | 0 | _aAIDS (Disease) | |
| 650 | 0 | _aEducation | |
| 710 | 2 | _aWorld Bank. | |
| 710 | 2 | _aAsian Development Bank. | |
| 710 | 2 | _aAustralian Agency for International Development. | |
| 856 | 4 | 1 | _uhttp://www.loc.gov/catdir/toc/ecip0719/2007022000.html |
| 942 | _cEK | ||
| 999 |
_c12224 _d12224 |
||